| 000 | 00588nam a2200229Ia 4500 | ||
|---|---|---|---|
| 003 | OSt | ||
| 005 | 20220918175213.0 | ||
| 006 | a|||||r|||| 00| 0 | ||
| 007 | ta | ||
| 008 | 220917b |||||||| |||| 00| 0 eng d | ||
| 024 | _a16,119 | ||
| 037 | _cTextual | ||
| 040 |
_aARTS _cARTS _beng |
||
| 041 |
_2eng _aeng |
||
| 082 | _aO:1L00w, J1-;1 | ||
| 100 |
_aGrant Dougleas _953237 |
||
| 245 | 0 |
_aJames Thomson _b Poet of 'The seasons' |
|
| 260 | _c1951 | ||
| 650 | _aENGLISH LITERATURE | ||
| 942 |
_hO:1L00w, J1-;1 _cTEXL _2CC |
||
| 999 |
_c156504 _d156504 |
||